|
|
|
|
| LEADER |
00963nam a2200277 4500 |
| 001 |
DLU170181616 |
| 005 |
##20171031 |
| 040 |
# |
# |
|a DLU
|b vie
|
| 041 |
# |
# |
|a vie
|
| 044 |
# |
# |
|a vn
|
| 100 |
# |
# |
|a Nguyễn Thụy Thùy Dương.
|
| 245 |
# |
# |
|a Nghệ thuật xây dựng hình tượng nhân vật trong truyện ngắn Đồng bằng sông Cửu Long (Khảo sát qua cách vận dụng thành ngữ) /
|c Nguyễn Thụy Thùy Dương, Nguyễn Văn Nở.
|
| 653 |
# |
# |
|a Đồng bằng sông Cửu Long
|
| 653 |
# |
# |
|a Hình tượng nhân vật
|
| 653 |
# |
# |
|a Thành ngữ
|
| 653 |
# |
# |
|a Truyện ngắn
|
| 700 |
# |
# |
|a Nguyễn Văn Nở.
|
| 773 |
# |
# |
|t Nghiên cứu văn học
|g Số 2(516), 2015, tr 73-84
|
| 920 |
# |
# |
|a Phòng Tạp chí --Trung tâm Thông tin - Thư viện Trường Đại học Đà Lạt
|
| 900 |
# |
# |
|a True
|
| 911 |
# |
# |
|a Lê Thị Hồng
|
| 925 |
# |
# |
|a G
|
| 926 |
# |
# |
|a A
|
| 927 |
# |
# |
|a BB
|
| 980 |
# |
# |
|a Thư viện Trường Đại học Đà Lạt
|